000 01114nam a22002415i 4500
001 168262
003 ES-MaACL
005 20250824074928.0
008 000209s1870 sp |||| | spa d
040 _aCAM
_bspa
_cCAM
100 1 _aZumel, Enrique.
_9118492
245 1 0 _aPor huir de una mujer
_b: zarzuela bufa en dos actos y en prosa /
_coriginal de Enrique Zumel ; música de José V. Arche.
260 _aMadrid :
_b[s.n.],
_c1870 (
_fImprenta de José Rodriguez)
300 _a52 p. ;
_c20 cm.
490 1 _aEl teatro : colección de obras dramáticas y líricas
500 1 _aEn port.: Representada por primera vez en el Teatro de Lope de Rueda, el día de Julio de 1870.
500 _aSolo la letra.
598 1 _aMención de serie tomada de la cub.
700 1 _aArche, José Vicente.
_9125692
830 0 3 _aEl teatro: colección de obras dramática y líricas
_9221753
852 _aES-MaACL
_jF-8571(3)
_z-- Enc. pasta española, falto de la enc. original
_z-- Enc. en un vol. facticio formando parte de la col. facticia "Teatro español moderno", vol. 24
999 _c168262
_d168262